Účasť obce a VÚC na sociálnom podnikaní
Príspevok sa zaoberá možnosťami účasti obce a VÚC na sociálnom podnikaní, formami priamej a nepriamej pomoci, ako aj postavením obcí a VÚC v súvislosti s prevádzkovaním obchodných spoločností a neziskových organizácií.
Saved in:
| Main Author: | |
|---|---|
| Format: | Book Chapter |
| Language: | Slovak |
| Subjects: | |
| Tags: |
No Tags, Be the first to tag this record!
|
MARC
| LEADER | 00000naa a2200000 4500 | ||
|---|---|---|---|
| 001 | 0281593 | ||
| 005 | 20240417075152.0 | ||
| 041 | 0 | |a slo | |
| 044 | |a SK | ||
| 245 | 1 | 0 | |a Účasť obce a VÚC na sociálnom podnikaní |c Eva Siminská |
| 520 | |a Príspevok sa zaoberá možnosťami účasti obce a VÚC na sociálnom podnikaní, formami priamej a nepriamej pomoci, ako aj postavením obcí a VÚC v súvislosti s prevádzkovaním obchodných spoločností a neziskových organizácií. | ||
| 610 | 2 | 0 | |a podnikanie sociálne |
| 610 | 2 | 0 | |a vyššie územné celky |
| 610 | 2 | 0 | |a obce |
| 610 | 2 | 0 | |a organizácie neziskové |
| 610 | 2 | 0 | |a spoločnosti obchodné |
| 100 | 1 | |a Siminská, Eva | |